LEADER 00964nam a2200241 i 4500 001 000000351311 003 CaOOAMICUS 005 20220823084546.0 006 a 000 u 008 220823s2022 gw a m u000 u ger u 013 $a234280 040 $aSeMil$bita 041 0 $ager 100 1 $aBergler, Siegfried,$d<1953- >.$0(OLS)http://semarc/name/116350 245 10$a2. Teilband. 264 1$aGöttingen :$bVandenhoeck & Ruprecht,$c2022. 300 $aP. 612-1179 ;$c23 cm 773 0 $aBergler, Siegfried <1953- >$tJudas.$dGöttingen : Vandenhoeck & Ruprecht, 2022.$kWissenschaftliche Monographien zum Alten und Neuen Testament$z978-3-525-56054-9$g2$w()351309 850 $aSeMil 852 $aSeMil$W1$xVenegono$y1$m2XA T 168/2$j233991$B242378$CSeMilBibl$Z2$F242378 $81 996 $6245$a2. Teilband$9(OLS)http://semarc/title/291164 996 $6264$aGöttingen :$bVandenhoeck & Ruprecht$9(OLS)http://semarc/publisher/29697 LEADER 00815nam a2200217 i 4500 001 000000201025 003 CaOOAMICUS 005 20110418000000.0 008 110418s1900 it u000 u ita u 013 $a179726 040 $aSeMil$bita 100 1 $aEmiliani, Antonio.$0(OLS)http://semarc/name/72668 245 10$aStrasburgo ed Alsazia :$bricordi /$cAntonio Emiliani. 260 $a[S.l. :$bs.n.],$c1900. 300 $a1 v. (varie sequenze) ;$c23 cm. 500 $aEstratto da «La rassegna nazionale», vol. 119. 773 0 $t[Miscellanea.$w()24790 850 $aSeMil 852 $aSeMil$W1$xVenegono$y1$m5B II 3/9 FA$j248240$B151554$CSeMilBibl$Z2$F162765 $8I 996 $6245$aStrasburgo ed Alsazia :$bricordi$9(OLS)http://semarc/title/290841 996 $6260$a[S.l. :$bs.n.]$9(OLS)http://semarc/publisher/29751